• 首页
  • 本馆介绍
  • 公告通知
  • 最新文献
  • 馆藏检索
  • 电子资源
  • 读者导购
  • 参考咨询
  • 我的图书馆
  • 登录
  • 详细信息显示
  • 放入我的书架
  • 预约/预借图书
  • 作者相关作品
  • 分类相关作品
  • 丛书相关作品
  • 出版社相关作品

书目信息

  • 表格格式
  • 工作单格式
  • 卡片格式
题名:
国际商事合同
    
 
作者: 王秉乾 编著
分册:  
出版信息: 北京   对外经济贸易大学出版社  2013
页数: 289页
开本: 23cm
丛书名:
单 册:
中图分类: F740.4 , D996.1:H31
科图分类:
主题词: 国际贸易--贸易合同--高等学校--教材--英文 , 国际法
电子资源:
ISBN: 978-7-5663-0725-5
000 01111nam0 2200301 450
001 1529545765
005 20150604100725.37
010    @a978-7-5663-0725-5@dCNY34.00
090    @aF740@bwbq
096    @aF740@bwbq
100    @a20131210d2013 em y0chiy50 ea
101 0  @aeng@achi
102    @aCN@b110000
105    @ay z 000yy
106    @ar
200 1  @a国际商事合同@b专著@aInternational Commercial Contract: a textbook@e英文版@f王秉乾编著@zeng@Aguo ji shang shi he tong
210    @a北京@c对外经济贸易大学出版社@d2013
215    @a289页@d23cm
300    @a高等院校法律专业双语课程规划教材
330    @a本书在广泛收集资料、重视国外学者相关论述的基础上,采用英文为主、中文为辅的方式,对国际商事合同中的重要问题进行了阐述。全书共分15章。
510 1  @aInternational Commercial Contract: a textbook@zeng
606 0  @a国际贸易@x贸易合同@x高等学校@j教材@j英文
606 0  @a国际法
690    @aF740.4@v5
690    @aD996.1:H31@v4
701  0 @a王秉乾@f(1977~)@4编著@Awang bing qian
801  0 @aCN@b大连网信软件有限公司图书馆·11@c20150604
905    @aZUCC@dD996.1:H31@e138
    
    国际商事合同;International Commercial Contract: a textbook:英文版/王秉乾编著.-北京:对外经济贸易大学出版社,2013
    289页;23cm
    高等院校法律专业双语课程规划教材
    
    ISBN 978-7-5663-0725-5:CNY34.00
    本书在广泛收集资料、重视国外学者相关论述的基础上,采用英文为主、中文为辅的方式,对国际商事合同中的重要问题进行了阐述。全书共分15章。
●
相关链接 在E读中查询图书 在五车中查询图书 在当当中查询图书 在豆瓣中查询图书


正题名:国际商事合同     索取号:D996.1:H31/138         预约/预借

序号 登录号 条形码 馆藏地/架位号 状态 备注
1 0627653   206276536   第一样本阅览室/ [索取号:D996.1:H31/138] 在馆    
2 0627654   206276545   第一借阅区/ [索取号:D996.1:H31/138] 在馆    
3 0627655   206276554   第一借阅区/ [索取号:D996.1:H31/138] 在馆    
唐山师范学院图书馆 欢迎您!
大连网信软件有限公司© 版权所有